[Event "CZE-chT2C 1819"]
[Site "Czech Republic"]
[Date "2018.12.02"]
[Round "4.3"]
[White "Rastocny, Josef"]
[Black "Postupa, Pavel1111"]
[Result "0-1"]
[WhiteElo "2049"]
[BlackElo "2227"]
[PlyCount "114"]
[EventDate "2018.10.14"]
[EventType "team-tourn"]
[EventRounds "11"]
[EventCountry "CZE"]
[SourceTitle "EXT 2022"]
[Source "ChessBase"]
[SourceDate "2021.10.06"]
[SourceVersion "1"]
[SourceVersionDate "2021.10.06"]
[SourceQuality "1"]
[WhiteTeam "Mlada Boleslav"]
[BlackTeam "Pankrac II"]
[WhiteTeamCountry "CZE"]
[BlackTeamCountry "CZE"]

1. d4 Nf6 2. c4 g6 3. Nc3 d5 4. Nf3 Bg7 5. Bf4 0-0 6. e3 c5 7. Be2 cxd4 8. exd4 Nc6 9. 0-0 dxc4 10. Bxc4 Bg4 11. d5 Na5 12. Be2 Rc8 13. h3 Bxf3 14. Bxf3 Ne8 15. Rc1 Nd6 16. Re1 Re8 17. Qe2 Nf5 18. Qf1 a6 19. Na4 Nd4 20. Be4 Rxc1 21. Rxc1 e5 22. dxe6 Nxe6 23. Be3 b5 24. Nc3 Nc4 25. Rd1 Qa5 26. Bc6 Rd8 27. b4 Qxb4 28. Nd5 Qa5 29. Qd3 Ne5 30. Qc2 Nc4 31. Qe4 Kh8 32. Qf3 Ne5 33. Qe2 Nxc6 34. Bb6 Qa3 35. Bxd8 Ncxd8 36. Nc7 Qf8 37. Nxa6 Nd4 38. Qe4 N8e6 39. Rc1 Bf6 40. Nc7 Qa3 41. Rd1 Nxc7 42. Rxd4 Qc1+ 43. Kh2 Bxd4 44. Qxd4+ Kg8 45. Qd8+ Kg7 46. Qd4+ Kf8 47. Qd6+ Ke8 48. Qe5+ Kd7 49. Qd4+ Kc8 50. a4 bxa4 51. Qxa4 Qc5 52. Qf4 Qf5 53. Qd4 h5 54. g3 Ne6 55. Qb6 Ng5 56. Qc6+ Kd8 57. Qg2 Nf3+ 0-1

[Event "CZE-ch U20"]
[Site "Kouty nad Desnou"]
[Date "2018.03.12"]
[Round "5"]
[White "Rastocny, Josef"]
[Black "Husek, Martin"]
[Result "1/2-1/2"]
[WhiteElo "2098"]
[BlackElo "2203"]
[PlyCount "38"]
[EventDate "2018.03.09"]
[EventType "tourn"]
[EventRounds "11"]
[EventCountry "CZE"]
[SourceTitle "CBM 183 Extra"]
[Source "ChessBase"]
[SourceDate "2018.04.19"]
[SourceVersion "1"]
[SourceVersionDate "2018.04.19"]
[SourceQuality "1"]

1. d4 Nf6 2. Nf3 c5 3. e3 b6 4. Bd3 Bb7 5. 0-0 g6 6. b3 Bg7 7. Bb2 0-0 8. Nbd2 Nc6 9. a3 Rc8 10. Re1 Qc7 11. Rc1 Rfd8 12. Qe2 d5 13. c4 dxc4 14. Bxc4 Nd5 15. Red1 Qb8 16. g3 cxd4 17. exd4 e6 18. Ne5 Nce7 19. Ne4 h6 1/2-1/2

[Event "CZE-ch U20"]
[Site "Kouty nad Desnou"]
[Date "2018.03.09"]
[Round "1"]
[White "Pychova, Nela"]
[Black "Rastocny, Josef"]
[Result "1/2-1/2"]
[WhiteElo "2127"]
[BlackElo "2098"]
[PlyCount "94"]
[EventDate "2018.03.09"]
[EventType "tourn"]
[EventRounds "11"]
[EventCountry "CZE"]
[SourceTitle "CBM 183 Extra"]
[Source "ChessBase"]
[SourceDate "2018.04.19"]
[SourceVersion "1"]
[SourceVersionDate "2018.04.19"]
[SourceQuality "1"]

1. c4 g6 2. Nc3 Bg7 3. g3 c5 4. Bg2 Nf6 5. Nf3 0-0 6. 0-0 Nc6 7. d3 d6 8. a3 a5 9. Bd2 Rb8 10. Rb1 Bg4 11. h3 Bd7 12. Nb5 b6 13. b3 Qc8 14. Kh2 Nd8 15. b4 axb4 16. axb4 Bxb5 17. cxb5 Ne6 18. bxc5 bxc5 19. Ba5 Nd7 20. Qb3 Nb6 21. Rfc1 Qd7 22. Rc2 Rfc8 23. e3 Rc7 24. Nd2 Ra7 25. Bc6 Qc8 26. Bxb6 Rxb6 27. Nc4 Rb8 28. Ra2 Rxa2 29. Qxa2 Nd8 30. Bg2 Qd7 31. Qa6 d5 32. Na5 e6 33. Nc6 Nxc6 34. bxc6 Qd8 35. Rxb8 Qxb8 36. Qa5 Bf8 37. e4 dxe4 38. Bxe4 Bd6 39. Qc3 h5 40. Qf6 Qe8 41. Kg2 Bc7 42. Qg5 Bd6 43. Bf3 Kg7 44. Qc1 Qe7 45. Qa1+ Kg8 46. Qa8+ Kg7 47. Bd1 h4 1/2-1/2

[Event "CZE-chT U18 Extraliga West 1718"]
[Site "Czech Republic"]
[Date "2018.01.20"]
[Round "7.3"]
[White "Rastocny, Josef"]
[Black "Sykora, Marek1111"]
[Result "1-0"]
[WhiteElo "1997"]
[BlackElo "2041"]
[PlyCount "53"]
[EventDate "2017.10.07"]
[EventType "team-tourn"]
[EventRounds "11"]
[EventCountry "CZE"]
[SourceTitle "EXT 2023"]
[Source "ChessBase"]
[SourceDate "2022.10.05"]
[SourceVersion "1"]
[SourceVersionDate "2022.10.05"]
[SourceQuality "1"]
[WhiteTeam "Ricany (U18)"]
[BlackTeam "Liberec Desko (U18)"]
[WhiteTeamCountry "CZE"]
[BlackTeamCountry "CZE"]

1. d4 d5 2. c4 c6 3. Nf3 Nf6 4. Bg5 e6 5. Nc3 dxc4 6. e4 b5 7. e5 h6 8. Bh4 g5 9. Nxg5 hxg5 10. Bxg5 Nbd7 11. g3 Qb6 12. exf6 Bb7 13. Bg2 0-0-0 14. 0-0 Bh6 15. Bxh6 Rxh6 16. Ne4 Nxf6 17. Nc5 Nd5 18. a4 a6 19. axb5 axb5 20. Qd2 Rhh8 21. Ra2 Ne7 22. Qf4 Nf5 23. Rfa1 Nd6 24. Nxb7 Kxb7 25. Qe5 Nc8 26. Ra8 Nd6 27. Bxc6+ 1-0

[Event "Ricany op"]
[Site "Ricany"]
[Date "2016.08.29"]
[Round "4"]
[White "Svatos, Jan"]
[Black "Rastocny, Josef"]
[Result "1/2-1/2"]
[WhiteElo "2256"]
[BlackElo "1908"]
[PlyCount "38"]
[EventDate "2016.08.27"]
[EventType "swiss"]
[EventRounds "9"]
[EventCountry "CZE"]
[SourceTitle "CBM 174 Extra"]
[Source "ChessBase"]
[SourceDate "2016.10.10"]
[SourceVersion "1"]
[SourceVersionDate "2016.10.10"]
[SourceQuality "1"]

1. d4 Nf6 2. Bg5 g6 3. Bxf6 exf6 4. e3 Bg7 5. Bd3 0-0 6. Ne2 d6 7. c4 f5 8. Nbc3 c5 9. 0-0 Nc6 10. Bc2 b6 11. Ba4 Bb7 12. Bxc6 Bxc6 13. d5 Bd7 14. a4 a6 15. Qd3 Rb8 16. Kh1 Rb7 17. f4 Re8 18. Rab1 Qe7 19. Rf3 Reb8 1/2-1/2

[Event "CZE-chT U18 Extraliga West 1516"]
[Site "Czech Republic"]
[Date "2016.01.23"]
[Round "6.2"]
[White "Nespor, Jakub"]
[Black "Rastocny, Josef"]
[Result "1/2-1/2"]
[WhiteElo "2000"]
[BlackElo "1903"]
[PlyCount "85"]
[EventDate "2015.10.03"]
[EventType "team-tourn"]
[EventRounds "11"]
[EventCountry "CZE"]
[SourceTitle "EXT 2022"]
[Source "ChessBase"]
[SourceDate "2021.10.06"]
[SourceVersion "1"]
[SourceVersionDate "2021.10.06"]
[SourceQuality "1"]
[WhiteTeam "Policka Stefanydes U18"]
[BlackTeam "Ricany U18"]
[WhiteTeamCountry "CZE"]
[BlackTeamCountry "CZE"]

1. c4 Nf6 2. Nc3 g6 3. e3 Bg7 4. Nf3 0-0 5. g3 d6 6. Bg2 e5 7. 0-0 Nc6 8. d4 Bg4 9. h3 Bf5 10. a3 a5 11. d5 Ne7 12. Qe2 Bc8 13. Kh2 Bd7 14. Bd2 a4 15. Rfb1 Ne8 16. b4 axb3 17. Rxb3 f5 18. a4 b6 19. Rba3 h6 20. a5 bxa5 21. Rxa5 Rxa5 22. Rxa5 Nf6 23. Nb5 g5 24. Ne1 e4 25. Nc2 h5 26. Ncd4 h4 27. Ra7 hxg3+ 28. fxg3 Ne8 29. Qd1 c6 30. dxc6 Nxc6 31. Nxc6 Bxc6 32. Bc3 d5 33. Bxg7 Nxg7 34. Bf1 f4 35. exf4 gxf4 36. gxf4 Rxf4 37. Qd4 Qf8 38. Bg2 Rf5 39. Kh1 dxc4 40. Qxc4+ Bd5 41. Qd4 Ne6 42. Qe3 Ng7 43. Qd4 1/2-1/2

[Event "CZE-chT U18 Extraliga West 1516"]
[Site "Czech Republic"]
[Date "2016.01.23"]
[Round "7.2"]
[White "Rastocny, Josef"]
[Black "Horak, Martin"]
[Result "1-0"]
[WhiteElo "1903"]
[BlackElo "2036"]
[PlyCount "91"]
[EventDate "2015.10.03"]
[EventType "team-tourn"]
[EventRounds "11"]
[EventCountry "CZE"]
[SourceTitle "EXT 2022"]
[Source "ChessBase"]
[SourceDate "2021.10.06"]
[SourceVersion "1"]
[SourceVersionDate "2021.10.06"]
[SourceQuality "1"]
[WhiteTeam "Ricany U18"]
[BlackTeam "Vlasim U18"]
[WhiteTeamCountry "CZE"]
[BlackTeamCountry "CZE"]

1. d4 Nf6 2. c4 e6 3. Nf3 b6 4. g3 Bb7 5. Bg2 c5 6. dxc5 Bxc5 7. 0-0 0-0 8. b3 Qe7 9. Bb2 Rd8 10. Nc3 d5 11. cxd5 Nxd5 12. Nxd5 Bxd5 13. Qc2 Na6 14. Rac1 Rac8 15. Qb1 f6 16. Rfd1 b5 17. h4 Qb7 18. Ne1 Bxg2 19. Nxg2 Bb6 20. Rxc8 Rxc8 21. Nf4 Nc5 22. Rc1 Re8 23. Qc2 Ne4 24. e3 e5 25. Ne2 Rd8 26. Rd1 Rc8 27. Qd3 Nc5 28. Qd2 Qf3 29. Qc2 Rc7 30. Nc3 Ne6 31. Qd3 Nc5 32. Qc2 b4 33. Nb5 Rc6 34. Qc4+ Ne6 35. Qd3 g5 36. h5 Qxh5 37. Nd6 Qf3 38. Rd2 g4 39. Ne4 f5 40. Nf6+ Kf7 41. Nxh7 Rc7 42. Qd6 Bxe3 43. Qxe5 Bd4 44. Rxd4 Nxd4 45. Qxc7+ Kg6 46. Nf8+ 1-0

[Event "CZE-chT U18 Extraliga West 1516"]
[Site "Czech Republic"]
[Date "2015.10.04"]
[Round "1.2"]
[White "Hollan, Martin"]
[Black "Rastocny, Josef"]
[Result "1-0"]
[WhiteElo "2240"]
[BlackElo "1903"]
[PlyCount "101"]
[EventDate "2015.10.03"]
[EventType "team-tourn"]
[EventRounds "11"]
[EventCountry "CZE"]
[SourceTitle "EXT 2022"]
[Source "ChessBase"]
[SourceDate "2021.10.06"]
[SourceVersion "1"]
[SourceVersionDate "2021.10.06"]
[SourceQuality "1"]
[WhiteTeam "Praha Oaza U18"]
[BlackTeam "Ricany U18"]
[WhiteTeamCountry "CZE"]
[BlackTeamCountry "CZE"]

1. Nf3 Nf6 2. c4 g6 3. b3 Bg7 4. Bb2 d6 5. d4 0-0 6. g3 c5 7. Bg2 Bd7 8. 0-0 cxd4 9. Nxd4 Nc6 10. Nc3 a6 11. e3 Qc7 12. Rc1 Nxd4 13. Qxd4 Bc6 14. e4 Qa5 15. Qd3 Rac8 16. a3 Rfd8 17. b4 Qb6 18. h3 a5 19. b5 Bd7 20. Na4 Qc7 21. Bd4 Re8 22. Bb6 Qb8 23. f4 Be6 24. f5 Bd7 25. g4 g5 26. Qe3 h6 27. Bxa5 Nh7 28. Nb6 Rc7 29. Nd5 Rcc8 30. Bb6 Be5 31. Qf2 Nf6 32. a4 Nxd5 33. exd5 Bf4 34. Rc2 Qa8 35. a5 Qb8 36. Ra1 Be5 37. Raa2 Bf4 38. Ba7 Qc7 39. Qb6 Qxb6+ 40. Bxb6 Ra8 41. Kf2 Rec8 42. Bd4 Kf8 43. f6 exf6 44. Bxf6 Re8 45. Re2 Rxe2+ 46. Kxe2 Re8+ 47. Kf1 Bg3 48. Bf3 Ra8 49. Kg2 Bf4 50. Bd4 Bc8 51. c5 1-0

[Event "Ricany op"]
[Site "Ricany"]
[Date "2015.08.29"]
[Round "9"]
[White "Rastocny, Josef"]
[Black "Vystrcil, Martin"]
[Result "1-0"]
[WhiteElo "1860"]
[BlackElo "2014"]
[PlyCount "29"]
[EventDate "2015.08.22"]
[EventType "swiss"]
[EventRounds "9"]
[EventCountry "CZE"]
[SourceTitle "EXT 2023"]
[Source "ChessBase"]
[SourceDate "2022.10.05"]
[SourceVersion "1"]
[SourceVersionDate "2022.10.05"]
[SourceQuality "1"]

1. d4 Nf6 2. c4 g6 3. Nc3 Bg7 4. e4 d6 5. f3 0-0 6. Be3 e5 7. d5 Ne8 8. Bd3 f5 9. Nge2 f4 10. Bf2 Bd7 11. c5 Qg5 12. Rg1 Qe7 13. Qb3 b6 14. Rc1 dxc5 15. d6+ 1-0

[Event "Ricany op"]
[Site "Ricany"]
[Date "2015.08.23"]
[Round "2"]
[White "Otruba, Marek"]
[Black "Rastocny, Josef"]
[Result "1/2-1/2"]
[WhiteElo "1629"]
[BlackElo "1860"]
[PlyCount "80"]
[EventDate "2015.08.22"]
[EventType "swiss"]
[EventRounds "9"]
[EventCountry "CZE"]
[SourceTitle "EXT 2023"]
[Source "ChessBase"]
[SourceDate "2022.10.05"]
[SourceVersion "1"]
[SourceVersionDate "2022.10.05"]
[SourceQuality "1"]

1. d4 Nf6 2. Bf4 e6 3. Nf3 b6 4. e3 Bb7 5. h3 Be7 6. Bd3 d6 7. Nbd2 Nbd7 8. Nc4 0-0 9. c3 h6 10. Rg1 Ne4 11. g4 Bg5 12. Bxg5 Nxg5 13. Nxg5 Qxg5 14. Qd2 f5 15. 0-0-0 f4 16. Rde1 Rae8 17. e4 e5 18. f3 d5 19. Nxe5 Nxe5 20. dxe5 Rxe5 21. Qc2 Rfe8 22. Re2 dxe4 23. Bxe4 Bxe4 24. Rxe4 Rxe4 25. fxe4 f3+ 26. Qd2 Qxd2+ 27. Kxd2 Rxe4 28. Re1 Ra4 29. a3 f2 30. Rf1 Rf4 31. Ke3 Rf6 32. Rxf2 Rxf2 33. Kxf2 Kf7 34. Kf3 Ke6 35. Ke4 c6 36. h4 g6 37. b3 a6 38. Kf3 Ke5 39. Ke3 a5 40. Kf3 b5 1/2-1/2

[Event "Ricany op"]
[Site "Ricany"]
[Date "2015.08.22"]
[Round "1"]
[White "Rastocny, Josef"]
[Black "Hrdina, Robin"]
[Result "0-1"]
[WhiteElo "1860"]
[BlackElo "2144"]
[PlyCount "102"]
[EventDate "2015.08.22"]
[EventType "swiss"]
[EventRounds "9"]
[EventCountry "CZE"]
[SourceTitle "EXT 2023"]
[Source "ChessBase"]
[SourceDate "2022.10.05"]
[SourceVersion "1"]
[SourceVersionDate "2022.10.05"]
[SourceQuality "1"]

1. d4 Nf6 2. c4 e6 3. Nf3 b6 4. Bg5 h6 5. Bh4 Be7 6. e3 Bb7 7. Nc3 0-0 8. Be2 d6 9. Bxf6 Bxf6 10. 0-0 Nd7 11. Qc2 Re8 12. Rac1 g6 13. Rfd1 Bg7 14. Na4 c5 15. dxc5 dxc5 16. Nc3 Qe7 17. Nb5 Red8 18. Ne1 Bc6 19. Bf3 Ne5 20. Bxc6 Nxc6 21. a3 Qf6 22. b3 a6 23. Nd6 Qb2 24. a4 Qxc2 25. Nxc2 Na5 26. Na1 f5 27. Rd3 Nb7 28. Rcd1 Rxd6 29. Rxd6 Nxd6 30. Rxd6 Bxa1 31. Rxe6 Rb8 32. Rxg6+ Kf7 33. Rxh6 Bf6 34. Rh7+ Bg7 35. g4 fxg4 36. Rh5 Rd8 37. Rf5+ Kg6 38. e4 Rd3 39. Rd5 Rxb3 40. a5 bxa5 41. Rxc5 a4 42. Rc6+ Kg5 43. Rxa6 a3 44. c5 Kf4 45. Kg2 Bd4 46. c6 Rb2 47. c7 Rxf2+ 48. Kg1 Rc2+ 49. Kf1 Rxc7 50. Rxa3 Rc2 51. Ra4 Kf3 0-1